LDR 01159naa#a2200193#i#450# 001 RU\FNC «VIK IM. V. R. VIL'YAMSA»\bibl\125567 005 20260702102123.4 011 ## _a2222-5366 100 ## _a20260615b2026####ek#y0rusy0150####ca 102 ## _aRU 200 1# _aК вопросу обоснования конструктивных и технологических параметров рабочих органов для кондиционирования кормовых трав _eЖурнальная статья 210 1# _aЛобня _cФедеральное государственное бюджетное научное учреждение «Федеральный научный центр кормопроизводства и агроэкологии имени В. Р. Вильямса» _d2026 215 ## _a22 с. 608 ## _aЖурнальная статья _2local 675 ## _aКосилки в целом. 631.352 _z 700 #1 _aОтрошко _gСергей Алексеевич 700 #1 _aШевцов _gАлексей Васильевич 700 #1 _aКосолапов _gВладимир Михайлович 856 4# _aadaptagro.editorum.ru _u